[Event "Druzynowe Mistrzostwa Polski Juniorow - Ekstraliga"]
[Site "Sypniewo k. Jastrowia"]
[Date "2024-06-17"]
[Round "9.20"]
[White "Warchol, Kamil"]
[Black "Madej, Marek"]
[Result "0-1"]
[WhiteTitle "FM"]
[BlackTitle "I++"]
[WhiteElo "2164"]
[BlackElo "2152"]

1. e4 2. c6 3. d4 4. d5 5. e5 6. Bf5 7. Nc3 8. e6 9. g4 10. Bg6 11. Nge2 12. c5
13. h4 14. h5 15. Nf4 16. Bh7 17. Nxh5 18. cxd4 19. Nb5 20. Nc6 21. Nxd4 22. Qb6
23. c3 24. Nxe5 25. Bb5+ 26. Nd7 27. Bg5 28. Ne7 29. c4 30. Rd8 31. Be3 32. Qa5+
33. Bd2 34. Qc7 35. O-O 36. dxc4 37. Qa4 38. Bg6 39. Bxc4 40. Bxh5 41. Nb5 42.
Qc6 43. Bf4 44. Nb6 45. Nc7+ 46. Kd7 47. Rfd1+ 48. Ned5 49. Nxd5 50. Nxa4 51.
Nb4+ 52. Qd6 53. Bb5+ 54. Kc8 55. Rac1+ 56. Qc5 57. Rxd8+ 58. Kxd8 59. Rd1+ 60.
Ke7 61. Bg5+ 62. f6 63. Rd7+ 64. Ke8 65. Rd5+ 66. Kf7 0-1

[Event "Druzynowe Mistrzostwa Polski Juniorow - Ekstraliga"]
[Site "Sypniewo k. Jastrowia"]
[Date "2024-06-17"]
[Round "9.21"]
[White "Perucki, Maciej"]
[Black "Radzimski, Antoni"]
[Result "1/2-1/2"]
[WhiteTitle "I"]
[BlackTitle "k"]
[WhiteElo "1878"]
[BlackElo "2224"]

1. d4 2. Nf6 3. c4 4. b6 5. Nf3 6. Bb7 7. Nc3 8. e6 9. a3 10. d5 11. cxd5 12. exd5
13. Qa4+ 14. c6 15. Bg5 16. Be7 17. e3 18. O-O 19. Bd3 20. Nbd7 21. O-O 22. a6
23. Rad1 24. c5 25. Qc2 26. c4 27. Bf5 28. g6 29. Bh3 30. Qc7 31. g3 32. Rfe8
33. Bf4 34. Bd6 35. Bg2 36. b5 37. Bxd6 38. Qxd6 39. Nd2 40. Rad8 41. Rfe1 42.
Qb6 43. b3 44. cxb3 45. Qxb3 46. Qd6 47. Rb1 48. Nb6 49. a4 50. Nc4 51. Nf3 52.
Ne4 53. Red1 54. Na5 55. Qb2 56. Nc4 57. Qb3 58. Nxc3 59. Qxc3 60. Rc8 61. Qb4
1/2-1/2

[Event "Druzynowe Mistrzostwa Polski Juniorow - Ekstraliga"]
[Site "Sypniewo k. Jastrowia"]
[Date "2024-06-17"]
[Round "9.22"]
[White "Lecki, Leonard"]
[Black "Ochedzan, Filip"]
[Result "1-0"]
[WhiteTitle "k"]
[BlackTitle "I"]
[WhiteElo "2010"]
[BlackElo "1899"]

1. c4 2. e5 3. Nc3 4. Nf6 5. Nf3 6. Nc6 7. e4 8. Bc5 9. Nxe5 10. Bxf2+ 11. Kxf2
12. Nxe5 13. d4 14. Neg4+ 15. Kg1 16. d6 17. h3 18. Nh6 19. Bg5 20. Nhg8 21. e5
22. h6 23. Bh4 24. g5 25. Bg3 26. dxe5 27. Bxe5 28. g4 29. Nb5 30. Kf8 31. Nxc7
32. Rb8 33. Nd5 34. gxh3 35. Nxf6 36. Nxf6 37. Qf3 38. Ng4 39. Bxh8 40. f6 41.
Qf4 42. Kf7 43. gxh3 44. Qxh8 45. hxg4 46. Bxg4 47. Rxh6 48. Qg7 49. Bg2 50. Re8
51. Rf1 52. Re6 53. d5 54. Rb6 55. Qc7+ 1-0

[Event "Druzynowe Mistrzostwa Polski Juniorow - Ekstraliga"]
[Site "Sypniewo k. Jastrowia"]
[Date "2024-06-17"]
[Round "9.23"]
[White "Starosta, Martyna"]
[Black "Wojs, Alicja"]
[Result "1-0"]
[WhiteTitle "WFM"]
[BlackTitle "k"]
[WhiteElo "2268"]
[BlackElo "1907"]

1. e4 2. c5 3. Nf3 4. e6 5. d4 6. cxd4 7. Nxd4 8. Nc6 9. Nc3 10. Qc7 11. Be3 12.
a6 13. Qd2 14. Nf6 15. O-O-O 16. Bb4 17. f3 18. d5 19. a3 20. Bxc3 21. Qxc3 22.
O-O 23. e5 24. Nd7 25. f4 26. Nb6 27. Nxc6 28. bxc6 29. Qa5 30. Rb8 31. Bc5 32.
Rd8 33. Rd3 34. Na8 35. Qe1 36. Rb5 37. Qf2 38. Nb6 39. Rh3 40. Rxc5 41. Qxc5
42. Nd7 43. Qe7 44. Qb6 45. Bd3 46. h6 47. g4 48. Nf8 49. Qh4 50. Ng6 51. Qg3
52. Re8 53. g5 54. h5 55. Rxh5 56. Qd4 57. Qh3 58. Bd7 59. Rf1 60. Kf8 61. f5
62. exf5 63. Bxf5 64. Bxf5 65. Qxf5 66. Qe3+ 67. Kb1 68. Nxe5 69. Rh3 70. Qe2
71. g6 72. f6 73. Rh8+ 74. Ke7 75. Rh7 76. Kf8 77. Rf4 78. c5 79. Rh8+ 80. Ke7
81. Rxe8+ 82. Kxe8 83. Qc8+ 84. Ke7 85. Qxc5+ 86. Ke8 87. Qxd5 1-0

[Event "Druzynowe Mistrzostwa Polski Juniorow - Ekstraliga"]
[Site "Sypniewo k. Jastrowia"]
[Date "2024-06-17"]
[Round "9.24"]
[White "Figa, Karolina"]
[Black "Smietanska, Wiktoria"]
[Result "0-1"]
[WhiteTitle "I++"]
[BlackTitle "CM"]
[WhiteElo "1760"]
[BlackElo "2133"]

1. d4 2. d5 3. c4 4. e6 5. Nc3 6. Bb4 7. cxd5 8. exd5 9. a3 10. Bxc3+ 11. bxc3
12. Nf6 13. Bg5 14. O-O 15. e3 16. h6 17. Bh4 18. Re8 19. Bd3 20. b6 21. Ne2 22.
Qd6 23. O-O 24. Ne4 25. f3 26. Nf6 27. Bxf6 28. Qxf6 29. e4 30. dxe4 31. fxe4
32. Qg5 33. Nf4 34. Bb7 35. d5 36. Nd7 37. c4 38. Nc5 39. Qc2 40. Qe5 41. Rad1
42. Nxd3 43. Rxd3 44. Qxe4 45. Qc3 46. Qe5 47. Qc2 48. Bc8 49. Rg3 50. Qd4+ 51.
Kh1 52. Qxf4 53. Rgf3 54. Qe4 55. Qf2 56. f5 57. Rf4 58. Qe3 59. Qh4 60. Bd7 61.
Qh5 62. Qxf4 0-1

[Event "Druzynowe Mistrzostwa Polski Juniorow - Ekstraliga"]
[Site "Sypniewo k. Jastrowia"]
[Date "2024-06-17"]
[Round "9.25"]
[White "Fiszer, Bartosz"]
[Black "Chyzy, Jakub"]
[Result "0-1"]
[WhiteTitle "CM"]
[BlackTitle "FM"]
[WhiteElo "2275"]
[BlackElo "2335"]

1. c4 2. Nf6 3. Nc3 4. e5 5. g3 6. d5 7. cxd5 8. Nxd5 9. Bg2 10. Nb6 11. Nf3 12.
Nc6 13. O-O 14. Be7 15. d3 16. O-O 17. Be3 18. Be6 19. Rc1 20. Nd5 21. Nxd5 22.
Bxd5 23. Qa4 24. a6 25. Bc5 26. Bd6 27. Nd2 28. Bxg2 29. Kxg2 30. Kh8 31. Qb3
32. Rb8 33. Qd5 34. Ne7 35. Qc4 36. f5 37. Bxd6 38. cxd6 39. Qc7 40. Nc6 41. Qxd8
42. Rbxd8 43. Rc3 44. Kg8 45. Rfc1 46. Kf7 47. Rb3 48. Rd7 49. e3 50. g5 51. h4
52. g4 53. Rbc3 54. Ke6 55. Rc4 56. h5 57. Nb3 58. Rdf7 59. d4 60. f4 61. gxf4
62. exf4 63. e4 64. Ne7 65. e5 66. Ng6 67. exd6 68. Nxh4+ 69. Kf1 70. g3 71. Nd2
72. Kxd6 73. Rc5 74. Rf5 75. Ne4+ 76. Ke6 77. Rc7 78. Rg8 79. R1c3 80. Kd5 81.
Nd2 82. gxf2 83. Rh3 84. Rg4 85. Kxf2 86. f3 87. Rc5+ 88. Ke6 89. Rxf5 90. Rg2+
91. Ke1 92. Nxf5 93. Rxf3 94. Nxd4 95. Rh3 96. Re2+ 97. Kd1 98. Re5 99. Nc4 100.
Rg5 101. Kd2 102. Nf5 103. Rh2 104. h4 105. Ne3 106. Rh5 107. Rh3 108. Ke5 109.
Ke2 110. Nd4+ 111. Kf2 112. Kf4 113. Ng2+ 114. Kg4 115. Rd3 116. Nf5 117. Kg1
118. h3 119. Ne3+ 120. Nxe3 121. Rxe3 122. Rd5 123. Re2 124. Kf3 125. Rc2 126.
Ke3 127. Rc7 128. Rd1+ 129. Kh2 130. Rd2+ 131. Kxh3 132. Rxb2 133. a4 134. Rb4
135. a5 136. Rb5 137. Rd7 138. Ke4 139. Kg3 140. Ke5 141. Kf3 142. Ke6 143. Rh7
144. Kd6 145. Ke4 146. Kc6 147. Rh6+ 148. Kc7 149. Rh7+ 150. Kb8 151. Kd4 152.
Rxa5 153. Kc4 154. Ka7 155. Kb4 156. Rg5 157. Rh6 158. a5+ 159. Ka4 160. b6 161.
Rh8 162. Ka6 163. Ra8+ 164. Kb7 165. Rh8 166. Rg4+ 0-1

[Event "Druzynowe Mistrzostwa Polski Juniorow - Ekstraliga"]
[Site "Sypniewo k. Jastrowia"]
[Date "2024-06-17"]
[Round "9.26"]
[White "Krawczyk, Flawian"]
[Black "Bartodziej, Bartosz"]
[Result "1/2-1/2"]
[WhiteTitle "CM"]
[BlackTitle "I++"]
[WhiteElo "2311"]
[BlackElo "2015"]

1. e4 2. c5 3. Nf3 4. d6 5. Bb5+ 6. Nd7 7. d4 8. cxd4 9. Qxd4 10. a6 11. Bxd7+
12. Bxd7 13. Nc3 14. e5 15. Qd3 16. h6 17. Nd2 18. Rc8 19. Nc4 20. Qc7 21. Ne3
22. Nf6 23. O-O 24. Be6 25. a4 26. Be7 27. Ncd5 28. Bxd5 29. exd5 30. a5 31. Bd2
32. O-O 33. Nf5 34. Kh8 35. Ra3 36. Qd7 37. Nxe7 38. Qxe7 39. Bxa5 40. Rc5 41.
Bb4 42. Rxd5 43. Qe2 44. Rc8 45. Rg3 46. Qe6 47. c3 48. e4 49. c4 50. Rf5 51.
b3 52. d5 53. cxd5 54. Nxd5 55. Bd2 56. Rc2 57. Qd1 58. Ra2 59. Qg4 60. g5 61.
Bc1 62. Kh7 63. h3 64. Qe5 65. Be3 66. Nb4 67. h4 68. f6 69. Qh5 70. Qe7 71. Rh3
72. Qg7 73. hxg5 74. fxg5 75. Rc1 76. Rc2 77. Rxc2 78. Nxc2 79. Qe8 80. Qa1+ 81.
Kh2 82. Qe5+ 83. Qxe5 84. Rxe5 85. Bb6 86. Re6 87. Bc5 88. Ne1 89. Rc3 90. Nd3
91. Be3 92. Rc6 93. Rxc6 94. bxc6 95. Kg1 96. Kg6 97. g4 98. Kf7 99. Kf1 100.
Ke6 101. Bd4 102. Kd5 103. a5 104. c5 105. Bg7 106. Kc6 107. Bxh6 108. Ne5 109.
Bxg5 110. Nxg4 111. Be7 112. Kb5 113. a6 114. Kxa6 115. Bxc5 116. Kb5 117. b4
118. Nf6 119. Kg2 120. Nd5 121. Kg3 122. Kc4 123. Kg4 124. e3 125. Bxe3 126. Kxb4
127. Kf5 128. Kb5 129. Bd4 130. Kc6 131. Ke5 132. Nb4 133. Ke6 134. Nd3 135. f3
136. Nf4+ 137. Kf5 138. Ne2 139. Be3 140. Kd5 141. Kg5 142. Ke5 143. Bd2 144.
Ke6 145. Kg4 146. Kf6 147. Bg5+ 148. Kg6 149. Bd8 150. Kf7 151. Bc7 152. Nd4 153.
f4 154. Ne6 155. Bb8 156. Nxf4 1/2-1/2

[Event "Druzynowe Mistrzostwa Polski Juniorow - Ekstraliga"]
[Site "Sypniewo k. Jastrowia"]
[Date "2024-06-17"]
[Round "9.27"]
[White "Niezhentsev, Kyrylo"]
[Black "Sowinski, Pawel"]
[Result "0-1"]
[WhiteTitle "I++"]
[BlackTitle "FM"]
[WhiteElo "2140"]
[BlackElo "2428"]

1. c4 2. e6 3. g3 4. d5 5. Bg2 6. Nf6 7. Nf3 8. d4 9. d3 10. Nc6 11. Bg5 12. h6
13. Bxf6 14. Qxf6 15. O-O 16. g5 17. Nbd2 18. Bg7 19. b4 20. O-O 21. b5 22. Ne7
23. Nb3 24. e5 25. a4 26. Ng6 27. Nfd2 28. Rb8 29. a5 30. Rd8 31. Qc1 32. Bf8
33. Ra4 34. Qg7 35. Qc2 36. Be6 37. Ne4 38. f5 39. Nec5 40. Bc8 41. Ra2 42. Kh8
43. Rb1 44. Qf6 45. Qd2 46. Be7 47. Rc2 48. Qf8 49. Na4 50. Be6 51. Nc1 52. g4
53. Na2 54. e4 55. dxe4 56. Ne5 57. Nb2 58. c5 59. Nc1 60. Bg5 61. Qd1 62. fxe4
63. Bxe4 64. b6 65. axb6 66. axb6 67. Ncd3 68. Nf7 69. Ra1 70. Nd6 71. Bg2 72.
Qf6 73. Ra7 74. Bf5 75. Qf1 76. Ne4 77. Bxe4 78. Bxe4 79. Nd1 80. Rf8 81. Ra3
82. h5 83. Rca2 84. Rbe8 85. Ne1 86. Qe6 87. Nb2 88. h4 89. f4 90. gxf3 91. exf3
Be3+ 92. Rxe3 93. dxe3 94. Qe2 95. Bg6 96. Ra3 97. Qd6 98. Kg2 99. Qd2 100. Kf1
101. Bf5 102. Ng2 103. Qc1+ 104. Ne1 105. Bh3+ 106. Kg1 107. Qd2 108. Qxd2 109.
exd2 110. Ned3 111. Rxf3 112. Ra1 113. Re1+ 0-1

[Event "Druzynowe Mistrzostwa Polski Juniorow - Ekstraliga"]
[Site "Sypniewo k. Jastrowia"]
[Date "2024-06-17"]
[Round "9.28"]
[White "Golis, Wiktor"]
[Black "Klim, Juliusz"]
[Result "1-0"]
[WhiteTitle "I++"]
[BlackTitle "I++"]
[WhiteElo "2228"]
[BlackElo "1882"]

1. Nf3 2. Nf6 3. c4 4. e6 5. g3 6. d5 7. Bg2 8. Be7 9. O-O 10. O-O 11. d4 12. dxc4
13. Qc2 14. a6 15. a4 16. Bd7 17. Rd1 18. Bc6 19. Bg5 20. Nbd7 21. Qxc4 22. h6
23. Bxf6 24. Nxf6 25. Nc3 26. Qd6 27. Qd3 28. Bxf3 29. Bxf3 30. Nd5 31. Rac1 32.
c6 33. e4 34. Nxc3 35. bxc3 36. b5 37. axb5 38. axb5 39. e5 40. Qc7 41. Qe4 42.
Ra6 43. Be2 44. g6 45. c4 46. Qd7 47. d5 48. cxd5 49. cxd5 50. Ra4 51. Qg2 52.
Ra2 53. Bf3 54. Ba3 55. dxe6 56. Qxe6 57. Bd5 58. Qxe5 59. Bxa2 60. Bxc1 61. Qc6
62. Bb2 63. Qxg6+ 64. Qg7 65. Qf5 66. Qg5 67. Qe4 68. Qe5 69. Qd3 70. Kg7 71.
Qf3 72. Qf6 73. Qg4+ 74. Qg5 75. Qe2 76. Qe5 77. Qf3 78. Qf6 79. Qb3 80. Bd4 81.
Rd2 82. Qe5 83. Qd1 84. Rd8 85. Qg4+ 86. Kh8 87. Kg2 88. Qf6 89. Qh5 90. Qc6+
91. f3 92. Rd7 93. Bxf7 94. Bg7 95. Rxd7 96. Qxd7 97. Qd5 98. Qe7 99. Qe6 100.
Qc5 101. Qe4 102. Qe5 103. Qa8+ 1-0

[Event "Druzynowe Mistrzostwa Polski Juniorow - Ekstraliga"]
[Site "Sypniewo k. Jastrowia"]
[Date "2024-06-17"]
[Round "9.29"]
[White "Sprzeczka, Emilia"]
[Black "Natoli, Alessia"]
[Result "1/2-1/2"]
[WhiteTitle "k+"]
[BlackTitle "k"]
[WhiteElo "2017"]
[BlackElo "1923"]

1. e4 c5 2. c3 3. d5 4. exd5 5. Qxd5 6. Nf3 7. Nf6 8. d4 9. Bg4 10. Nbd2 11. e6
12. Bc4 13. Qc6 14. Qe2 15. a6 16. O-O 17. Nbd7 18. Bd3 19. cxd4 20. cxd4 21.
Be7 22. Ne4 23. Nd5 24. Bd2 25. O-O 26. Rac1 27. Qb6 28. Nc3 29. N7f6 30. Bg5
31. Rfe8 32. Rfd1 33. h6 34. Bh4 35. Nf4 36. Qd2 37. Bxf3 38. gxf3 39. Nxd3 40.
Qxd3 41. Rad8 42. Na4 43. Qa5 44. Qb3 45. Qh5 46. Bg3 47. Nd5 48. Nc5 49. Bg5
50. Rc2 51. Nf4 52. Ne4 53. Qh3 54. Bxf4 55. Bxf4 56. Ng3 57. h5 58. Qd3 59. e5
60. d5 61. e4 62. fxe4 63. h4 64. Nf1 65. Qxd3 66. Rxd3 67. Rxe4 68. Ne3 69. Re5
70. Ng2 71. Bh6 72. d6 73. h3 74. Ne3 75. Kf8 76. d7 77. Bxe3 78. fxe3 79. Ke7
80. Rc7 81. b6 82. Rb7 83. Re6 84. Kf2 85. b5 86. Rd4 87. Rd6 88. Rxd6 89. Kxd6
90. Rb6+ 91. Kc5 92. Rxa6 93. Rxd7 94. Ke2 95. f5 96. a3 97. Kc4 98. Rb6 99. Rd5
100. b4 101. Kb3 102. Rc6 103. Kxa3 104. Rc5 105. Rxc5 106. bxc5 107. b4 108.
c6 109. b3 110. c7 111. b2 112. c8=Q 113. b1=Q 114. Qc5+ 115. Kb3 116. Qd5+ 117.
Kb2 118. Qe5+ 119. Kc1 120. Kf3 121. g5 122. Qc5+ 123. Qc2 124. Qa3+ 125. Kd1
126. Qa1+ 127. Kd2 128. Qa5+ 129. Kd1 1/2-1/2

[Event "Druzynowe Mistrzostwa Polski Juniorow - Ekstraliga"]
[Site "Sypniewo k. Jastrowia"]
[Date "2024-06-17"]
[Round "9.30"]
[White "Ejsymont, Blanka"]
[Black "Izafatava, Kira"]
[Result "0-1"]
[WhiteTitle "WCM"]
[BlackTitle "I++"]
[WhiteElo "1772"]
[BlackElo "1761"]

1. e4 2. e6 3. d4 4. d5 5. Nd2 6. c5 7. exd5 8. Qxd5 9. Ngf3 10. cxd4 11. Bc4 12.
Qd7 13. O-O 14. Nf6 15. Nb3 16. Nc6 17. Nbxd4 18. Nxd4 19. Nxd4 20. a6 21. Re1
22. b5 23. Bd3 24. Bb7 25. c3 26. Be7 27. Bf4 28. O-O 29. Be2 30. Rfd8 31. Bf3
32. Nd5 33. Bg3 34. Bd6 35. Qe2 36. Bxg3 37. hxg3 38. Nb6 39. Rad1 40. Bxf3 41.
gxf3 42. h6 43. Kg2 44. Qb7 45. Rh1 46. Rd7 47. Rh3 48. Nc4 49. g4 50. e5 51.
Nf5 52. Rxd1 53. Qxd1 54. e4 55. Nd6 56. Qd7 57. fxe4 58. Qxd6 59. Rd3 60. Qf4
61. b3 62. Qxe4+ 63. Kg1 64. Nb2 65. Rd8+ 66. Rxd8 67. Qxd8+ 68. Kh7 69. Qd7 70.
Qf3 71. Qa7 72. Qxg4+ 73. Kh1 74. Qf3+ 75. Kg1 76. Nd3 77. Qxa6 78. Qxf2+ 79.
Kh1 80. Qf3+ 81. Kh2 82. Nf4 83. Qxb5 84. Qg2# 0-1